| 000 | 01070nam a2200289 i 4500 | ||
|---|---|---|---|
| 001 | bg | ||
| 100 | 1 | _aDelaney, Kalen. | |
| 245 | 1 | 0 |
_aMicrosoft SQL Server 2005 od środka : mechanizm składowania danych / _cKalen Delaney ; [przekł. Natalia Chounlamany, Dorota Kondracka, Piotr Stokłosa]. |
| 246 |
_iTyt. oryg.: _aInside Microsoft SQL Server 2005: the storage engine |
||
| 260 |
_aWarszawa : _bAPN Promise, _c2007. |
||
| 300 |
_aXVIII, 466 s. ; _c24 cm. |
||
| 500 | _aTyt. oryg.: "Inside Microsoft SQL Server 2005: the storage engine". | ||
| 504 | _aIndeks. | ||
| 650 | 9 | _aSQL Server | |
| 655 | _aPodręczniki | ||
| 700 | 1 |
_aChounlamany, Natalia. _eTł. |
|
| 700 | 1 |
_aKondracka, Dorota. _eTł. |
|
| 700 | 1 |
_aWłodarz, Marek. _eTł. |
|
| 020 | _a9788388440946 | ||
| 040 | _cBPK | ||
| 041 | 1 |
_apol _heng |
|
| 080 | _a004.42:004.655.3](07) | ||
| 920 | _a978-83-88440-94-6 | ||
| 942 | _cKS | ||
| 008 | s pl f |000 0 pol | ||
| 999 |
_c53398 _d53398 |
||
| 856 |
_uhttp://koha.tu.koszalin.pl/cgi-bin/koha/opac-detail.pl?biblionumber=53398 _yKatalog online BPK |
||